=LDR 00000nam 2200000 4500 =001 INLIS000000000006602 =005 20130612094725 =008 ***********************************Ind** =035 ##$$0010-061300000006602 =041 ##$$a Ind =082 ##$$a 92(Firdaus) =090 ##$$a 92(Firdaus), Fir d =100 ##$$a Firdaus AN =245 ##$$a Dari penjara ke meja hijau, Firdaus AN =260 ##$$a 1995 $b Jakarta =300 ##$$a xxviii, 236 hlm., 21 cm =650 ##$$a Biografi =850 ##$$a NBPNMAT